000 00491nam a22001937a 4500
003 MPLRDC
005 20220104181854.0
008 210129b ||||| |||| 00| 0 eng d
020 _a983-62-6972-X
082 _a524.953 DEP 2000
100 _a不详
245 _aANTOLOGI KERUSI
_c
250 _a初版
260 _a
_bDEWAN BAHASA DAN PUSTAKA
_c2000
300 _b
490 _aTEKS KESUSASTERAAN MELAYU SEKOLAH MENENG
650 _a自修用书
942 _cBK
_o524.953 DEP 2000
999 _c61679
_d61669